000 00843nam a22002057a 4500
003 DO-CoUTE
005 20231002091033.0
008 231002b dr ||||| |||| 00| 0 spa d
020 _a970-22-1428-9
040 _aDO-CoUTE
_bspa
_cDO-CoUTE
100 1 _aGarcía, Pelayo
_eautor
245 1 0 _aEl pequeño Larousse ilustrado /
_cPelayo García
250 _aDecimotercera edición
260 _aMéxico :
_bLarousse,
_c2007
300 _a1824 páginas :
_bFotos ;
_c16x25cm
504 _aIncluye referencia bibliográfica e índice
520 _aCombina un diccionario del idioma español con un diccionario geográfico y biográfico que ofrece material sobre personas, lugares, organizaciones y obras literarias, y enumera formas verbales, proverbios y otros datos.
650 4 _aEnciclopedias y diccionarios, español
942 _2ddc
_cBK
999 _c23078
_d23078